Statistiques concernant Les noms de Mammifères par lettres -M

Cliquez ici pour prendre le quiz!

Statistiques générales

  • Ce quiz a été pris 72 fois
  • Le résultat moyen est 9 sur 36

Statistiques - réponses

Réponse% Correct
Mouton
100%
Marmotte
93%
Morse
93%
Marsouin
71%
Moufette
71%
Musaraigne
67%
Macaque
64%
Mandrill
58%
Mouflon
43%
Mulot
35%
Maki
30%
Martre
26%
Mangouste
25%
Mara
14%
Margay
13%
Markhor
13%
Muntjac
13%
Murin
9%
Manul
7%
Myrmidon
6%
Microcèbe
3%
Molosse
3%
Macroscélide
1%
Mangabey
1%
Micropotamogale
1%
Moustac
1%
Muscardin
1%
Macroglosse
0%
Malbrouck
0%
Mazame
0%
Mérione
0%
Microgale
0%
Microptère
0%
Minioptère
0%
Minioptère
0%
Miopithèque
0%

Distribution des résultats

Percentile par nombre de réponses

% des personnes avec chaque résultat

Votre développement - résultats

Vous n’avez pas pris ce quiz